Detalles MARC
| 000 -LÍDER |
| Campo fijo de descripción fija |
011840000a22003370004500 |
| 001 - NÚMERO DE CONTROL |
| Campo de control |
768714001 |
| 003 - IDENTIFICADOR DEL NÚMERO DE CONTROL |
| Campo de control |
CO-MdFUSB |
| 005 - FECHA Y HORA DE LA ULTIMA TRANSACCIÓN |
| control field |
20221024120819.0 |
| 008 - ELEMENTOS DE LONGITUD FIJA -- INFORMACIÓN GENERAL |
| Campo fijo de descripción fija -- Información general |
170310t1982 enk||||| |||| 00| 0 eng d |
| 020 ## - NÚMERO INTERNACIONAL NORMALIZADO PARA LIBROS |
| Número Internacional Normalizado del libro |
334-00688-0 |
| 040 ## - FUENTE DE CATALOGACIÓN |
| Agencia de catalogación original |
CO-MdFUSB |
| Idioma de catalogación |
spa |
| Agencia que realiza la transcripción |
CO-MdFUSB |
| Agencia que realiza la modificación |
CO-MdFUSBC |
| Convenciones de la descripción |
rda |
| 041 ## - CÓDIGO DE IDIOMA |
| Código de idioma para texto/pista de sonido o título separado |
eng |
| 082 04 - NÚMERO DE CLASIFICACIÓN DECIMAL DEWEY |
| Número de clasificación |
G 128 M11s |
| 100 1# - ASIENTO PRINCIPAL--NOMBRE PERSONAL |
| Nombre personal |
Macquarrie, John |
| Término relacionador |
autor |
| 242 ## - TRADUCCIÓN DEL TÍTULO POR AGENCIA CATALOGADORA |
| Título |
En busca de la humanidad |
| Parte restante del título - Subtítulo |
: aproximación a una teología y filosofía |
| 245 10 - TÍTULO |
| Título del Material |
In search of humanity |
| Parte restante del título - Subtitulo |
: A theological and philosophical approach |
| Mención de responsabilidad, etc. |
/ John Macquarrie |
| 264 #1 - PRODUCCIÓN, PUBLICACIÓN, DISTRIBUCIÓN, MANUFACTURA, Y COPYRIGHT |
| Lugar de producción, publicación, distribución, manufactura |
London : |
| Nombre del productor, publicador, distribuidor |
SCM Press, |
| Fecha de producción, publicación, distribución, manufactura, o copyright |
℗1982 |
| 264 #4 - PRODUCCIÓN, PUBLICACIÓN, DISTRIBUCIÓN, MANUFACTURA, Y COPYRIGHT |
| Fecha de producción, publicación, distribución, manufactura, o copyright |
©[1982] |
| 300 ## - DESCRIPCIÓN FÍSICA |
| Extensión |
280 páginas |
| Dimensiones |
; 22 cm. |
| 336 ## - TIPO DE CONTENIDO |
| Fuente |
rdacontent |
| 337 ## - TIPO DE MEDIO |
| Fuente |
rdamedia |
| 338 ## - TIPO DE SOPORTE |
| Fuente |
rdacarrier |
| 501 ## - NOTA DE “CON” |
| Nota de Contenido |
Rústico |
| 504 ## - NOTA DE BIBLIOGRAFÍA, ETC. |
| Nota de bibliografía, etc |
Incluye índice (páginas: 276-280) |
| 505 ## - NOTA DE CONTENIDO |
| Nota de contenido con formato preestablecido |
Convertirse - Libertad - Trascendencia - Egoísmo - Corporalidad - Cognición - Tener - Sociabilidad - Idioma - Enajenación - Conciencia - Compromiso - Creencia - Amor - Arte - Religión - Sufrimiento - Muerte - Esperanza - Ser |
| 563 ## - NOTA DE ENCUADERNACIÓN |
| Nota de encuadernación |
rústico |
| 650 #0 - ASIENTO SECUNDARIO DE MATERIA - TERMINO TEMÁTICO |
| Término temático o nombre geográfico como elemento de entrada |
Antropología |
| 9 (RLIN) |
4 |
| 653 ## - TÉRMINO DE INDIZACIÓN - NO CONTROLADO |
| Término no controlado |
Humanidad |
| 942 ## - TIPO DE MATERIAL (KOHA) |
| Tipo de Item KOHA |
Libros General |
| 945 ## - INFORMACIÓN LOCAL DEL REGISTRO |
| Catalogador |
JTF-925 |